000
00262nam a2200109Ia 4500
008
220204s9999 xx 000 0 und d
082
_a
536.2
_b
MIK
100
_a
Mikheyey, M
245
0
_a
Fundamentals of heat transfer
260
_a
Moscow
_b
Mir
_c
1968
942
_c
BK
999
_c
24155
_d
24155